পূর্ববাঙলার ভাষা আন্দোলন ও তৎকালীন রাজনীতি : (Record no. 105025)
[ view plain ]
| 000 -LEADER | |
|---|---|
| fixed length control field | 00882nam a22001817a 4500 |
| 003 - CONTROL NUMBER IDENTIFIER | |
| control field | BD-DhUL |
| 005 - DATE AND TIME OF LATEST TRANSACTION | |
| control field | 20210824150604.0 |
| 008 - FIXED-LENGTH DATA ELEMENTS--GENERAL INFORMATION | |
| fixed length control field | 160907s1985 bg ||||| |||| 000 0 ben d |
| 040 ## - CATALOGING SOURCE | |
| Original cataloging agency | BD-DhUL |
| Transcribing agency | BD-DhUL |
| 082 #0 - DEWEY DECIMAL CLASSIFICATION NUMBER | |
| Classification number | 954.92 |
| Item number | UMP |
| 100 1# - MAIN ENTRY--PERSONAL NAME | |
| Personal name | উমর, বদরুদ্দীন। |
| 245 10 - TITLE STATEMENT | |
| Title | পূর্ববাঙলার ভাষা আন্দোলন ও তৎকালীন রাজনীতি : |
| Statement of responsibility, etc. | বদরুদ্দীন উমর। |
| Remainder of title | ৩য় খণ্ড / |
| 260 ## - PUBLICATION, DISTRIBUTION, ETC. (IMPRINT) | |
| Place of publication, distribution, etc. | চট্রগ্রাম : |
| Name of publisher, distributor, etc. | বইঘর, |
| Date of publication, distribution, etc. | ১৯৮৫। |
| 300 ## - PHYSICAL DESCRIPTION | |
| Extent | খণ্ড, [৮] পাতা প্লেটস : |
| Other physical details | চিত্র ; |
| Dimensions | ২২ সেমি. |
| 504 ## - BIBLIOGRAPHY, ETC. NOTE | |
| Bibliography, etc | গ্রন্থপঞ্জিগত তথ্য ও নির্ঘন্ট সংবলিত। |
| 651 ## - SUBJECT ADDED ENTRY--GEOGRAPHIC NAME | |
| Geographic name | বাংলাদেশ - ইতিহাস |
| 942 ## - ADDED ENTRY ELEMENTS (KOHA) | |
| Source of classification or shelving scheme | |
| Koha item type | Books |
| Price effective from | Date last seen | Permanent Location | Not for loan | Date acquired | Source of classification or shelving scheme | Koha item type | Lost status | Withdrawn status | Copy number | Source of acquisition | Collection code | Damaged status | Shelving location | Barcode | Current Location | Full call number |
|---|---|---|---|---|---|---|---|---|---|---|---|---|---|---|---|---|
| 2016-09-19 | 2016-09-19 | Dhaka University Library | 2016-09-19 | Books | 1 | Purchased | Non Fiction | General Stacks | A285172 | Dhaka University Library | 954.92 UMP | |||||
| 2017-05-07 | 2017-05-07 | Dhaka University Library | Not For Loan | 2017-05-07 | Books | 2 | Gift | Non Fiction | Dr. Aftab Ahmed Collection | 429794 | Dhaka University Library | 954.92 UMP |
